5HLuxD.jpg

KING HENRY VIII SENIOR AND PRIMARY SCHOOL LIBRARY OPAC

Why chemical reactions happen / (Record no. 331)

000 -LEADER
fixed length control field 00727cam a2200253a 4500
001 - CONTROL NUMBER
control field 00512809
003 - CONTROL NUMBER IDENTIFIER
control field OSt
005 - DATE AND TIME OF LATEST TRANSACTION
control field 20190806135715.0
008 - FIXED-LENGTH DATA ELEMENTS--GENERAL INFORMATION
fixed length control field 051011s2003 enka b 001 0 eng
010 ## - LIBRARY OF CONGRESS CONTROL NUMBER
LC control number 2003274265
020 ## - INTERNATIONAL STANDARD BOOK NUMBER
International Standard Book Number 0199249733 (pbk.)
024 3# - OTHER STANDARD IDENTIFIER
Standard number or code 9780199249732
040 ## - CATALOGING SOURCE
Original cataloging agency UKM
Language of cataloging eng
Transcribing agency UKM
Modifying agency IXA
-- DLC
-- NCHU
042 ## - AUTHENTICATION CODE
Authentication code lccopycat
082 04 - DEWEY DECIMAL CLASSIFICATION NUMBER
Classification number 541 KEE
100 1# - MAIN ENTRY--PERSONAL NAME
Personal name Keeler, James.
Relator term author
245 10 - TITLE STATEMENT
Title Why chemical reactions happen /
Statement of responsibility, etc. James Keeler and Peter Wothers.
260 ## - PUBLICATION, DISTRIBUTION, ETC.
Place of publication, distribution, etc. Oxford ;
-- New York :
Name of publisher, distributor, etc. Oxford University Press,
Date of publication, distribution, etc. c2003.
300 ## - PHYSICAL DESCRIPTION
Extent ix, 243 p. :
Other physical details ill. ;
Dimensions 25 cm.
504 ## - BIBLIOGRAPHY, ETC. NOTE
Bibliography, etc. note Includes index.
650 #0 - SUBJECT ADDED ENTRY--TOPICAL TERM
Topical term or geographic name entry element Chemical reactions.
700 1# - ADDED ENTRY--PERSONAL NAME
Personal name Wothers, Peter.
Relator term author
942 ## - ADDED ENTRY ELEMENTS (KOHA)
Source of classification or shelving scheme
Koha item type Books - Non Ficton
Holdings
Withdrawn status Lost status Source of classification or shelving scheme Damaged status Not for loan Collection code Permanent Location Current Location Shelving location Date acquired Total Checkouts Total Renewals Full call number Barcode Date last seen Date last checked out Price effective from Koha item type
          Non-Fiction KH8 Senior School Library KH8 Senior School Library Non Fiction 2019-08-06 1 1 541 KEE 3KHSL000101241 2021-11-05 2021-03-16 2019-08-06 Books - Non Ficton

Powered By KH8 IT Dept